Normal view
MARC view
Entry Geographic Name
001 - CONTROL NUMBER
- control field: 50803
003 - CONTROL NUMBER IDENTIFIER
- control field: ARRUPE
005 - DATE AND TIME OF LATEST TRANSACTION
- control field: 20211028115038.0
008 - FIXED-LENGTH DATA ELEMENTS
- fixed length control field: 211028|| aca||aabn | a|a d
040 ## - CATALOGING SOURCE
- Original cataloging agency: ARRUPE
- Transcribing agency: ARRUPE
151 ## - HEADING--GEOGRAPHIC NAME
- Geographic name: Africa, Sub-Saharan
- General subdivision: Press coverage
670 ## - SOURCE DATA FOUND
- Source citation: Work cat.: (ARRUPE)0: Hunter-Gault, Charlayne. 50802, New news out of Africa :, 2006.